Visualizzazione normale
Vista MARC
- Salvatore Abbruzzese
di Personal Name
Records bibliografici associati: 1
001 - CONTROL NUMBER
- control field: 28062
003 - CONTROL NUMBER IDENTIFIER
- control field: IT-RoPau
005 - DATE AND TIME OF LATEST TRANSACTION
- control field: 20140530153002.0
008 - FIXED-LENGTH DATA ELEMENTS
- fixed length control field: 140530|| aca||aabn | a|a d
040 ## - CATALOGING SOURCE
- Original cataloging agency: IT-RoPau
- Transcribing agency: IT-RoPau
100 ## - HEADING--PERSONAL NAME
- Personal name: Salvatore Abbruzzese
670 ## - SOURCE DATA FOUND
- Source citation: Work cat.: (IT-RoPau)30203: Claudio Calvaruso - Salvatore Abbruzzese 28061, Indagine sui valori in Italia, 1985